000 00914cad a22002055a 4500
001 E154990
008 120214e20120214xxk 000 0 eng d
035 _a(Sirsi) u154990
041 0 _aeng
110 2 _aRoyal Institution of Chartered Surveyors
_bScotland
_93082
245 0 0 _aEnd of stamp duty holiday encourages first-time buyers
_h[electronic resource]
260 _c2012
490 _aRICS Scotland News Release
_v14 February 2012
520 _aThe latest RICS Housing Market Survey suggests that the number of homes sold in Scotland increased in January, as first time buyers sought to take advantage of the stamp duty holiday, which expires in March.
590 _aKA
651 4 _aScotland
_y1999-
690 _aResidential property
_96266
856 4 0 _uhttps://www.rics.org/site/scripts/press_article.aspx?pressreleaseID=744&categoryID=487
_zView the item free of charge at www.rics.org
942 _n0
999 _c83770
_d83770